000 00584nam a2200229Ia 4500
003 OSt
005 20220923230309.0
006 a|||||r|||| 00| 0
007 ta
008 Pun
024 _a279,199
037 _cTextual
040 _aARTS
_cARTS
_bPun
041 _2Pun
_aPun
082 _aO153,1N35x, L8
100 _aਕ੍ਰਿFਨ ਅFਾਂਤ
_9168957
245 0 _aFਿਲਾਲੇਖ
260 _c1978
650 _aਪੰਜਾਬੀ ਸਾਹਿਤ
942 _hO153,1N35x, L8
_cTEXL
_2CC
999 _c383746
_d383746